000 01426nam a2200301 i 4500
001 768714001
003 CO-MdFUSB
005 20210908100436.0
007 ta
008 200717t ck |||| i||| 00| 0 spa d
020 _a[No incluye ISBN]
040 _aCO-MdFUSB
_bspa
_cCO-MdFUSB
_dCO-MdFUSBC
_erda
041 _aspa
082 _223
_a220.6
_bD686
100 _aDonner, Theo G.
_d1955
_eautor
245 1 _aHistoria de la exégesis
_b: un bosquejo
_c/ Theo G. Donner
264 1 _aBogotá, Colombia :
_bFundación Universitaria Seminario Bíblico de Colombia,
_c[Fecha de publicación no identificada]
300 _c88 páginas ;
_a21 cm
336 _2rdacontent
_atexto
_btxt
337 _2rdamedia
_asin mediación
_bn
338 _2rdacarrier
_avolumen
_bnc
505 _aLa exégesis rabínica -- La exégesis de Qumran -- La exégesis judía en Alejandría -- La interpretación bíblica en el NT -- La exégesis de los padres apostólicos y apologetas: dos ejemplos -- La exégesis de orígenes de Alejandría -- Historia posterior de la exégesis -- Renacimiento y reforma -- Martín Lutero -- Juan Calvino -- La alta crítica -- Hermenéutica y liberación: I José Míguez Bonino -- Hermenéutica y liberación: II José Severino Croatto -- Indice -- Nota sobre el autor
563 _aRústico
630 0 7 _aBiblia
_xCrítica, interpretación, etc.
653 _aExégesis.
942 _cBK
945 _aDani
999 _c66527
_d66527